000
00289nam a22001337a 4500
008
170731b xxu||||| |||| 00| 0 eng d
020
_a
3540129219
041
_a
ger
080
_a
004
100
_a
32
101
_a
SHK
245
_a
INFORMATIK-FACHBERICHTE
_c
SAMMER,W
942
_2
udc
_c
BK
999
_c
22250
_d
22250